International dependance and contagion across asset classes: the case of Poland
Prepojenie medzinárodných finančných trhov a akcií, dlhopisov a meny v Poľsku. Použitie modelov ARMA - GARCH.
Salvato in:
| Autore principale: | |
|---|---|
| Altri autori: | , |
| Natura: | Capitolo di libro |
| Lingua: | inglese |
| Soggetti: | |
| Tags: |
Nessun Tag, puoi essere il primo ad aggiungerne!!
|
MARC
| LEADER | 00000naa a2200000 4500 | ||
|---|---|---|---|
| 001 | 0206206 | ||
| 005 | 20231010120916.2 | ||
| 041 | 0 | |a eng | |
| 044 | |a CZ | ||
| 245 | 1 | 0 | |a International dependance and contagion across asset classes: the case of Poland |c Michal Adam, Piotr Bańbuła, Michal Markun |
| 520 | |a Prepojenie medzinárodných finančných trhov a akcií, dlhopisov a meny v Poľsku. Použitie modelov ARMA - GARCH. | ||
| 610 | 2 | 0 | |a trh finančný |
| 610 | 2 | 0 | |a oceňovanie |
| 610 | 2 | 0 | |a model GARCH |
| 100 | 1 | |a Adam, Michal | |
| 700 | 1 | |a Bańbuła, Piotr | |
| 700 | 1 | |a Markun, Michal | |